MARC

LEADER 00000nam a2200000Ia 4500
001 18703
008 160829s9999 xx 000 0 cat d
080 |a FU-41-8 
245 |a Proposta de plà d'emergència 
260 |a Barcelona :  |b FIMAC, Mutua de Accidentes de Trabajo y Enfermedades Profesionales de la Seguridad Social no 35, [2001] 
300 |a [22] f. en un portafolis ;  |c 31 cm + 1 fulletó, 4 plànols 
590 |a A la part inferior de la portada: Arxiu Històric. Casa de Maternitat. Diputació de Barcelona 
610 1 0 |a Arxiu General de la Diputació de Barcelona  |9 52704 
650 0 |a Incendis  |x Prevenció  |9 49592 
650 |a Edificis públics  |x Incendis i prevenció d'incendis  |9 36243 
710 1 |a Arxiu General de la Diputació de Barcelona  |9 52704 
901 |a Arxiu 
942 |n 1 
952 |0 0  |1 0  |4 0  |6 FU418  |7 1  |9 49951  |a Arxiu  |b Arxiu  |d 2016-12-01  |l 0  |o FU-41-8  |p 18703  |r 2016-12-01 00:00:00  |w 2016-12-01  |y ARXIU 
999 |c 53793  |d 53793